00629nam a2200181Ia 4500003000900000008004100009040001300050040001300063041000800076100001600084245003100100250001200131260001500143260000900158300001000167490000600177600026400183IT-RoPAU120407s9999 xx 000 0 und d aIT-RoPAU cIT-RoPAU aita aYves Congar aCredo nello Spirito Santo. aBrescia aQueriniana c1982 c24 cm v3 a" 1° v. Lo Spirito Santo nell’”Economia” Rivelazione e esperienza dello Spirito. 2° v. “Egli è il Signore e dà la vita”. Lo Spirito come vita. 3° v. Il fiume di Vita (Ap. 22,1) scorre in Oriente e in Occidente. Teologia dello Spirito santo"